000 01051nam a2200325Ia 4500
003 OSt
005 20220912144637.0
006 a|||||r|||| 00| 0
007 ta
008 220909b |||||||| |||| 00| 0 eng d
020 _a9781461417002 (hbk)
020 _aSL01559244
024 _a187394
037 _b1850, 09/11/2012, Ashutosh Technical Books
037 _cTextbook
040 _aCSL
_beng
_cCSL
041 _aeng
082 _aD65,8(B):(B288), Q2 TD
100 _aDu Ding-Zhu; Ko Ker-I; Hu Xiaodong
245 0 _aDesign and analysis of approximation algorithms
260 _aNew York
_bSpringer
_c2012
300 _axi, 440p.
500 _aBibliography 407-424p.; Index 425-440p.
650 _a Approximation algorithms
650 _a Linear programming
650 _aComputer Science
700 _aDu Ding-Zhu; Ko Ker-I; Hu Xiaodong
942 _hD65,8(B):(B288), Q2 TD
_cTB
_2CC
999 _c14494
_d14494